000 00856nam a2200277Ia 4500
001 Z_1468
003 CHAP
008 220113s1991 xx 000 0 und d
010 _a164557
040 _cCHAP
090 _aTesis V 755
100 _aVallejo Villafana, Ricardo
_9117646
245 _aPoder pigmentante de un extracto de flor de cempasúchil en relación al apoester en la yema de huevo /
_cpor Ricardo Vallejo Villafana
260 _aChapingo, Méx. :
_bEl autor,
_c1991
300 _a64 h.
502 _aTesis (Ing. Agr. Esp. en Zootecnia) -- UACH. Departamento de Zootecnia
650 _aCempasúchil
_9138646
650 _aPigmentos vegetales
_988057
650 _aYema de huevo I.t: Apoester en la yema de huevo
_9138647
901 _aTESIS V 755
902 _aM
910 _a1991
942 _c2
942 _c2
999 _c164557
_d164557